00996ngm a2200301 4500003000400000005001700004007000400021008004000025010001500065024002300080035001500103040001300118082001500131245007100146250002000217260003300237300006300270440003400333500003100367538005900398538012400457650001900581700002300600700001800623700001600641700001700657700002000674dpl20090130103832.0DVD||||||sp199 xxu|||||c|||| 00| 0 eng d aDVD-001580 c499.00 aBVI- 1086 aDVD-001580 aDPLcDPL aDVD / CRIM aCrimson Tide /cHollywood Pictures Presentsh[videorecording] DVD/ aSpecial Edition bHolywood Pictures Home Video a1 videodisc DVD; (129 min.) ;bsd., col. ;c4 3/4 in.fDVD aHollywood Pictures Home Video aThis DVD is Copy Protected iLanguage: Dolby Digital 5.1-English Subtitles: English aAspect Ratio:1.85:1, Presentation type:Wide Screen Presentation Size 16x9, Format DVD 9 Dual Layer Single Sided Disc. aMotion Picture aWashington, Denzel aHackman, Gene aScott, Tony aZimmer, Hans aLebenzon, Chris